| 000 | 01259 a2200325 4500 | ||
|---|---|---|---|
| 999 |
_c200419142 _d37912 |
||
| 001 | 200419142 | ||
| 003 | TR-AnTOB | ||
| 005 | 20260313164914.0 | ||
| 008 | 140314s tu 000 0 | ||
| 020 | _a9789755220940 | ||
| 040 |
_aTR-AnTOB _btur _erda _cTR-AnTOB |
||
| 041 | _atur | ||
| 050 | 0 | 0 |
_aHQ792.T87 _bS57 2013 |
| 090 | _aHQ792.T87.S57 2013 | ||
| 100 | 1 |
_aŞirin, Mustafa Ruhi, _d1955- _933466 |
|
| 245 | 0 | 0 |
_a1. Türkiye çocuk ve medya kongresi önüm, arkam, sağım, solum medya: sobelenmeyeceğiz : _bçocuk ve medya çocuk görüşü kitabı / _cMustafa Ruhi Şirin. |
| 264 |
_aİstanbul: _bÇocuk Vakfı Yayınları., _c2013 |
||
| 300 |
_a146 s.: _bres.; _c23 cm. |
||
| 336 |
_atext _2rdacontent _btxt |
||
| 337 |
_aunmediated _2rdamedia _bn |
||
| 338 |
_avolume _2rdacarrier _bnc |
||
| 490 | 0 |
_aÇocuk Vakfı Yayınları ; _v107 _aYayın Dizisi ; _v8 |
|
| 504 | _aIncludes bibliographical references and index. | ||
| 650 | 0 |
_aKitle iletişim araçları ve çocuklar _zTürkiye _996966 |
|
| 650 | 7 |
_aMass media and children _zTurkey _2etuesh _996969 |
|
| 650 | 7 |
_aChildren’s rights _zTurkey _vCongresses _2etuesh _996968 |
|
| 650 | 7 |
_aÇocuk hakları _zTürkiye _vKongreler _2etuturkob _996965 |
|
| 942 |
_cBK _2lcc |
||